[Event "World Chess Woman Summit"]
[Site "chess.com INT"]
[Date "2020.12.04"]
[Round "2.2"]
[White "Hou, Yifan"]
[Black "Atalik, Ekaterina"]
[Result "1-0"]
[WhiteTitle "GM"]
[BlackTitle "IM"]
[WhiteElo "2658"]
[BlackElo "2430"]
[WhiteFideId "8602980"]
[BlackFideId "4130189"]
[EventDate "2020.12.04"]

1. e4 c6 2. Nf3 d5 3. d3 g6 4. e5 Bg7 5. d4 Bg4 6. Nbd2 e6 7. h3 Bxf3 8. Nxf3
Ne7 9. Bd3 Nd7 10. c3 c5 11. h4 h6 12. a3 Qb6 13. O-O cxd4 14. cxd4 Nf5 15. Bc2
Qd8 16. h5 O-O 17. g4 Nh4 18. Nxh4 Qxh4 19. Kg2 f5 20. Rh1 Qxg4+ 21. Qxg4 fxg4
22. hxg6 Rac8 23. Bd1 Rxc1 24. Rxc1 Rf4 25. Rc8+ Nf8 26. Rh4 Rxd4 27. Bxg4 Kh8
28. Kh3 Rd3+ 29. f3 Rd1 30. Bxe6 Rh1+ 31. Kg3 Rg1+ 32. Kf2 Rxg6 33. Bxd5 Rb6 34.
b4 Kh7 35. Be4+ Kg8 36. Rf4 a5 37. Bd5+ Kh7 38. Rfxf8 Bxf8 39. Rxf8 1-0

[Event "World Chess Woman Summit"]
[Site "chess.com INT"]
[Date "2020.12.04"]
[Round "2.5"]
[White "Lei, Tingjie"]
[Black "Khademalsharieh, Sarasadat"]
[Result "0-1"]
[WhiteTitle "GM"]
[BlackTitle "IM"]
[WhiteElo "2505"]
[BlackElo "2494"]
[WhiteFideId "8605114"]
[BlackFideId "12512214"]
[EventDate "2020.12.04"]

1. e4 e5 2. Nf3 Nc6 3. Bb5 a6 4. Ba4 Nf6 5. O-O b5 6. Bb3 Bc5 7. a4 Rb8 8. c3 d6
9. d4 Bb6 10. a5 Ba7 11. h3 Bb7 12. Re1 O-O 13. Be3 exd4 14. cxd4 Ne7 15. e5 Ne4
16. Ng5 dxe5 17. Nxe4 Bxe4 18. Bg5 Bxb1 19. Rxb1 h6 20. Bxe7 Qxe7 21. dxe5 Rbd8
22. Qf3 Rd2 23. Re2 Rfd8 24. Rbe1 R2d3 25. Qb7 Bxf2+ 26. Rxf2 Rxb3 27. e6 fxe6
28. Qxa6 e5 29. Qg6 Rbd3 30. a6 R3d6 31. Qh5 Rxa6 32. Rxe5 Ra1+ 33. Kh2 Qd6 34.
Re2 Rd1 35. g3 Rf8 36. Re8 Rf1 37. Qxb5 Kh7 38. Rxf8 Rxf8 39. Qc4 Qg6 40. b4 c6
41. Qe4 Rf2+ 42. Kh1 Rxe2 43. Qxe2 Qxg3 44. Qc2+ Qg6 45. Qc5 Qe4+ 46. Kh2 Qf4+
47. Kh1 Qf3+ 48. Kh2 h5 49. Qg5 g6 50. Qe7+ Kh6 51. Qd6 Qe4 52. Kg3 h4+ 53. Kf2
Kg5 54. Qd8+ Kf5 55. Qf8+ Ke5 56. Qc5+ Ke6 57. Kg1 Qe1+ 58. Kg2 Qg3+ 59. Kf1
Qxh3+ 60. Ke2 Qg2+ 61. Ke1 Qg3+ 62. Ke2 Qe5+ 0-1

[Event "World Chess Woman Summit"]
[Site "chess.com INT"]
[Date "2020.12.04"]
[Round "5.1"]
[White "Muzychuk, Mariya"]
[Black "Abdumalik, Zhansaya"]
[Result "0-1"]
[WhiteTitle "GM"]
[BlackTitle "IM"]
[WhiteElo "2544"]
[BlackElo "2478"]
[WhiteFideId "14114550"]
[BlackFideId "13703544"]
[EventDate "2020.12.04"]

1. e4 e5 2. Nf3 Nc6 3. Bc4 Nf6 4. d3 h6 5. c3 d6 6. Nbd2 g5 7. Nf1 Qe7 8. Ne3
Bd7 9. a4 Rg8 10. a5 a6 11. Qb3 Nd8 12. O-O Be6 13. Re1 Bg7 14. d4 Nd7 15. d5
Nc5 16. Qc2 Bc8 17. b4 Nd7 18. Nf5 Qf6 19. Be3 Nf8 20. b5 axb5 21. Bxb5+ c6 22.
Bc4 Ng6 23. dxc6 bxc6 24. a6 Ne7 25. Nxg7+ Qxg7 26. Reb1 c5 27. Qd3 Qf6 28. Rb6
Ndc6 29. Bb5 Bd7 30. Rb7 Qe6 31. a7 Kd8 32. Nd2 Bc8 33. Rb6 Kc7 34. Nc4 Rd8 35.
Bd2 d5 36. exd5 Qxd5 37. Qe3 Nxa7 38. Ba6 Nac6 39. Be1 Bxa6 40. Rbxa6 Rxa6 41.
Rxa6 Qxc4 42. Ra1 Rd3 43. Qe2 Rxc3 44. Qb2 Rc2 45. Qa3 Nd5 46. Ba5+ Kd6 47. Rd1
Qe2 48. Rb1 Qxf2+ 0-1

[Event "World Chess Woman Summit"]
[Site "chess.com INT"]
[Date "2020.12.04"]
[Round "5.5"]
[White "Hou, Yifan"]
[Black "Dzagnidze, Nana"]
[Result "0-1"]
[WhiteTitle "GM"]
[BlackTitle "GM"]
[WhiteElo "2658"]
[BlackElo "2524"]
[WhiteFideId "8602980"]
[BlackFideId "13601903"]
[EventDate "2020.12.04"]

1. e4 c5 2. Nf3 Nc6 3. d4 cxd4 4. Nxd4 e6 5. Nc3 Qc7 6. Be3 a6 7. Be2 Nf6 8. O-O
d6 9. f4 Be7 10. Kh1 Bd7 11. Qe1 h5 12. a4 g6 13. Rd1 h4 14. Qf2 Nb4 15. Nb3 Rc8
16. Bb6 Qb8 17. e5 Nfd5 18. Nxd5 Nxd5 19. Ba7 Qc7 20. c4 Bxa4 21. cxd5 Bxb3 22.
Bb6 Qd7 23. dxe6 Qxe6 24. f5 gxf5 25. Bd3 f4 26. exd6 Bxd1 27. dxe7 h3 28. Rxd1
hxg2+ 29. Kxg2 Qg4+ 30. Qg3 fxg3 31. Bb5+ axb5 32. Rd8+ Kxe7 0-1

[Event "World Chess Woman Summit"]
[Site "chess.com INT"]
[Date "2020.12.05"]
[Round "6.2"]
[White "Tan, Zhongyi"]
[Black "Hou, Yifan"]
[Result "0-1"]
[WhiteTitle "GM"]
[BlackTitle "GM"]
[WhiteElo "2510"]
[BlackElo "2658"]
[WhiteFideId "8603642"]
[BlackFideId "8602980"]
[EventDate "2020.12.04"]

1. c4 c5 2. Nf3 Nf6 3. d4 cxd4 4. Nxd4 b6 5. f3 Bb7 6. e4 d6 7. Nc3 e6 8. Be3 a6
9. Be2 Be7 10. O-O O-O 11. a4 Nc6 12. Nxc6 Bxc6 13. b4 a5 14. b5 Bb7 15. e5 dxe5
16. Qxd8 Bxd8 17. c5 Nd5 18. Nxd5 exd5 19. c6 Bc8 20. f4 f6 21. fxe5 fxe5 22.
Bf3 Be6 23. Rad1 d4 24. c7 Bxc7 25. Bxa8 Rxa8 26. Rc1 Bd6 27. Rc6 Bc5 28. Rxe6
dxe3 29. Rxe5 e2+ 30. Rf2 Rd8 0-1

[Event "World Chess Woman Summit"]
[Site "chess.com INT"]
[Date "2020.12.05"]
[Round "6.3"]
[White "Lei, Tingjie"]
[Black "Zhao, Xue"]
[Result "1-0"]
[WhiteTitle "GM"]
[BlackTitle "GM"]
[WhiteElo "2505"]
[BlackElo "2486"]
[WhiteFideId "8605114"]
[BlackFideId "8601283"]
[EventDate "2020.12.04"]

1. d4 Nf6 2. c4 e6 3. g3 d5 4. Bg2 dxc4 5. Nf3 Be7 6. Na3 Bxa3 7. bxa3 O-O 8.
O-O Nbd7 9. a4 a5 10. Ba3 Re8 11. Rc1 Nb6 12. Ne5 Bd7 13. Bxb7 Bxa4 14. Qd2 Nfd7
15. Bxa8 Nxe5 16. Bg2 Nc6 17. Bc5 Qd7 18. Bxb6 cxb6 19. Rxc4 Bb5 20. Bxc6 Bxc6
21. Rfc1 Bb7 22. Rc7 Qd5 23. f3 Ba6 24. Ra7 Bc4 25. e4 Qc6 26. Qf4 e5 27. Qxf7+ 1-0

[Event "World Chess Woman Summit"]
[Site "chess.com INT"]
[Date "2020.12.05"]
[Round "6.4"]
[White "Khademalsharieh, Sarasadat"]
[Black "Atalik, Ekaterina"]
[Result "1-0"]
[WhiteTitle "IM"]
[BlackTitle "IM"]
[WhiteElo "2494"]
[BlackElo "2430"]
[WhiteFideId "12512214"]
[BlackFideId "4130189"]
[EventDate "2020.12.04"]

1. d4 Nf6 2. c4 g6 3. g3 d5 4. cxd5 Nxd5 5. Bg2 Bg7 6. Nc3 Nb6 7. Nf3 Nc6 8. e3
O-O 9. O-O Re8 10. Re1 a5 11. Qe2 Bf5 12. Rd1 Qc8 13. d5 Nb4 14. e4 Bg4 15. a3
Na6 16. Be3 Nd7 17. h3 Bxf3 18. Bxf3 Ndc5 19. Bg2 Nb3 20. Rab1 Nac5 21. Qc4 b6
22. Na4 Qa6 23. Qc2 Qb5 24. Nc3 Qd7 25. Bf1 Rf8 26. a4 e5 27. dxe6 Qxe6 28. Nd5
Qxe4 29. Qxe4 Nxe4 30. Nxc7 Rad8 31. Bxb6 Ned2 32. Nb5 Rb8 33. Bc7 Rbc8 34. Rxd2
Nxd2 35. Rd1 Nxf1 36. Kxf1 Bxb2 37. Bxa5 Ra8 38. Bb4 Rfd8 39. Rb1 Be5 40. a5
Rdb8 41. Bd2 Bc7 42. Rc1 Bxa5 43. Bxa5 Rxa5 44. Nd4 Ra2 45. Rc3 Rbb2 46. Rf3 Kg7
47. h4 h5 48. Nc6 Rb1+ 49. Kg2 Rab2 50. Nd8 f6 51. Rd3 Rb8 52. Rd7+ Kg8 53. Ne6
R1b7 54. Rd3 Re7 55. Nf4 Kf7 56. Rd6 Rbb7 57. Rc6 Rbd7 58. Rc8 Kg7 59. Rc6 Re5
60. Ne6+ Kf7 61. Nf4 Rb5 62. Ra6 Rb2 63. Ra3 Rdd2 64. Ra7+ Ke8 65. Nh3 Kf8 66.
Ra6 Ke7 67. Ra7+ Rd7 68. Ra3 Kf7 69. Nf4 Kg7 70. Ne6+ Kh6 71. Rf3 Rd6 72. Nc5 g5
73. Ne4 g4 74. Rf4 Re6 75. Nxf6 Rbe2 76. Nd5 R2e4 77. Rf8 Kg7 78. Rb8 Rd4 79.
Nf4 Re5 80. Rb7+ Kg8 81. Rb8+ Kf7 82. Rh8 Rxf4 83. gxf4 Rf5 84. Kg3 Rb5 85. Rh6
Kg7 86. Re6 Rb3+ 87. Re3 Rb1 88. Re5 Rb3+ 89. Kg2 Kg6 90. Re3 Rb1 91. Re6+ Kf5
92. Re5+ Kg6 93. Re6+ Kf5 94. Rh6 Kxf4 95. Rxh5 Rb2 96. Rg5 Ra2 97. Rg8 Rb2 98.
Rf8+ Ke5 99. Kg3 Rb4 100. h5 Ke6 101. h6 Rb7 102. Kxg4 Rb4+ 103. f4 Rb7 104. f5+
Ke5 105. Kg5 1-0

[Event "World Chess Woman Summit"]
[Site "chess.com INT"]
[Date "2020.12.05"]
[Round "6.5"]
[White "Muzychuk, Mariya"]
[Black "Stefanova, Antoaneta"]
[Result "1/2-1/2"]
[WhiteTitle "GM"]
[BlackTitle "GM"]
[WhiteElo "2544"]
[BlackElo "2466"]
[WhiteFideId "14114550"]
[BlackFideId "2902257"]
[EventDate "2020.12.04"]

1. e4 c6 2. d4 d5 3. exd5 cxd5 4. c4 Nf6 5. Nc3 Nc6 6. Nf3 Bf5 7. Bg5 Ne4 8.
cxd5 Nxc3 9. bxc3 Qxd5 10. Qb3 Qxb3 11. axb3 e6 12. Bb5 Bd6 13. O-O f6 14. Be3
Kf7 15. Bxc6 bxc6 16. Ra5 Bc7 17. Ra3 a5 18. Rfa1 Rac8 19. Nd2 Rhe8 20. Nc4 Rb8
21. Nxa5 Bxa5 22. Rxa5 Rxb3 23. Rc5 Rb6 24. h3 Re7 25. Ra8 Re8 26. Ra7+ Re7 27.
Ra8 Re8 28. Ra7+ Re7 29. Rca5 Rb3 30. Rxe7+ Kxe7 31. Ra7+ Kf8 32. c4 Rc3 33. c5
Be4 34. h4 h5 35. Kh2 Bd5 36. Rc7 Rc2 37. Ra7 Ra2 38. Rxa2 Bxa2 39. Kg3 1/2-1/2

[Event "World Chess Woman Summit"]
[Site "chess.com INT"]
[Date "2020.12.05"]
[Round "7.1"]
[White "Stefanova, Antoaneta"]
[Black "Abdumalik, Zhansaya"]
[Result "0-1"]
[WhiteTitle "GM"]
[BlackTitle "IM"]
[WhiteElo "2466"]
[BlackElo "2478"]
[WhiteFideId "2902257"]
[BlackFideId "13703544"]
[EventDate "2020.12.04"]

1. d4 Nf6 2. c4 g6 3. Nc3 d5 4. Nf3 Bg7 5. cxd5 Nxd5 6. Na4 O-O 7. e4 Nf6 8. Nc3
c5 9. d5 e6 10. d6 e5 11. Bg5 h6 12. Be3 b6 13. Qd2 Kh7 14. Nxe5 Bb7 15. Bc4
Nxe4 16. Nxe4 Bxe5 17. Bxh6 Qh4 18. Ng5+ Kxh6 19. Nf3+ Bf4 20. Nxh4 Bxd2+ 21.
Kxd2 Nc6 22. Nf3 Rad8 23. Rad1 Rxd6+ 24. Kc1 Nd4 25. Ne5 Kg7 26. f3 f6 27. Ng4
b5 28. Bd3 Rfd8 29. Nf2 f5 30. Rde1 Kf6 31. h4 c4 32. Bb1 Rc8 33. Re3 b4 34. Bc2
c3 35. bxc3 Rxc3 36. Rxc3 Ne2+ 37. Kb2 bxc3+ 38. Kb1 Rb6+ 39. Bb3 Nd4 40. Nd3
Bd5 41. Rc1 Bxb3 42. axb3 Rxb3+ 43. Ka2 a5 44. Nc5 Rb2+ 45. Ka3 Rxg2 46. Rxc3
Nb5+ 0-1

[Event "World Chess Woman Summit"]
[Site "chess.com INT"]
[Date "2020.12.05"]
[Round "7.2"]
[White "Atalik, Ekaterina"]
[Black "Muzychuk, Mariya"]
[Result "0-1"]
[WhiteTitle "IM"]
[BlackTitle "GM"]
[WhiteElo "2430"]
[BlackElo "2544"]
[WhiteFideId "4130189"]
[BlackFideId "14114550"]
[EventDate "2020.12.04"]

1. Nf3 Nf6 2. e3 g6 3. c4 Bg7 4. Be2 O-O 5. O-O c5 6. Nc3 Nc6 7. b3 d5 8. cxd5
Nxd5 9. Bb2 Bf5 10. Qc1 Ndb4 11. Na4 b6 12. Bxg7 Kxg7 13. Qb2+ f6 14. a3 Bd3 15.
Bxd3 Nxd3 16. Qc3 Qd5 17. Nb2 Rfd8 18. Nxd3 Qxd3 19. Rfc1 a5 20. Qb2 e5 21. Rc4
Rd7 22. Rac1 Rad8 23. h4 Qf5 24. R1c2 e4 25. Ng5 Re7 26. f3 Ne5 27. Nxe4 Nxc4
28. Rxc4 Qe5 29. Qxe5 Rxe5 30. d4 cxd4 31. Rc7+ Kf8 32. Nxf6 Re7 33. Nxh7+ Ke8
34. Rxe7+ Kxe7 35. exd4 Rxd4 36. g4 Rd3 37. Ng5 Rxb3 38. h5 gxh5 39. gxh5 Kf6
40. h6 Rxa3 41. h7 Kg7 42. f4 Rg3+ 43. Kf2 Rxg5 0-1

[Event "World Chess Woman Summit"]
[Site "chess.com INT"]
[Date "2020.12.05"]
[Round "7.3"]
[White "Zhao, Xue"]
[Black "Khademalsharieh, Sarasadat"]
[Result "1-0"]
[WhiteTitle "GM"]
[BlackTitle "IM"]
[WhiteElo "2486"]
[BlackElo "2494"]
[WhiteFideId "8601283"]
[BlackFideId "12512214"]
[EventDate "2020.12.04"]

1. Nf3 d5 2. g3 g6 3. c4 dxc4 4. Na3 Bg7 5. Nxc4 c5 6. Bg2 Nc6 7. d3 Nf6 8. Be3
Nd4 9. Nxd4 cxd4 10. Bd2 O-O 11. O-O Nd5 12. Qb3 Rb8 13. Rfc1 Be6 14. Qa3 b5 15.
Na5 Qd7 16. Nc6 Rb7 17. Rc5 Bf6 18. Rac1 h5 19. Qa6 b4 20. Bxd5 1-0

[Event "World Chess Woman Summit"]
[Site "chess.com INT"]
[Date "2020.12.05"]
[Round "9.3"]
[White "Hou, Yifan"]
[Black "Muzychuk, Mariya"]
[Result "1-0"]
[WhiteTitle "GM"]
[BlackTitle "GM"]
[WhiteElo "2658"]
[BlackElo "2544"]
[WhiteFideId "8602980"]
[BlackFideId "14114550"]
[EventDate "2020.12.04"]

1. e4 c5 2. Nf3 Nc6 3. Bb5 e6 4. O-O Nge7 5. d4 cxd4 6. Nxd4 Qb6 7. Nxc6 bxc6 8.
Bd3 Ng6 9. Nc3 Be7 10. Na4 Qc7 11. c4 c5 12. f4 Bb7 13. Nc3 O-O 14. Qh5 Qd6 15.
Qe2 f5 16. Be3 Qb6 17. Rad1 Rad8 18. exf5 Nh4 19. fxe6 Bxg2 20. Rf2 Bh3 21. Nd5
Qxe6 22. Bd2 Bd6 23. Qxe6+ dxe6 24. Nc3 Be5 25. fxe5 Rxd3 26. Rxf8+ Kxf8 27. Bf4
Rf3 28. Bg3 Nf5 29. Ne4 h5 30. Ng5 Re3 31. Nxh3 h4 32. Bf4 Rxh3 33. Rd8+ Ke7 34.
Bg5+ Kf7 35. Kg2 Re3 36. Bxe3 Nxe3+ 37. Kf3 Nxc4 38. Ke4 Nxb2 39. Rd7+ Kg6 40.
Rxa7 Nd1 41. a4 Nc3+ 42. Kd3 Nd5 43. a5 Nb4+ 44. Ke4 c4 45. Rc7 Nd5 46. Rxc4 Kf7
47. a6 1-0

[Event "World Chess Woman Summit"]
[Site "chess.com INT"]
[Date "2020.12.05"]
[Round "9.5"]
[White "Tan, Zhongyi"]
[Black "Lei, Tingjie"]
[Result "1-0"]
[WhiteTitle "GM"]
[BlackTitle "GM"]
[WhiteElo "2510"]
[BlackElo "2505"]
[WhiteFideId "8603642"]
[BlackFideId "8605114"]
[EventDate "2020.12.04"]

1. d4 d5 2. Bf4 Nf6 3. e3 c5 4. Nf3 Nc6 5. Nbd2 cxd4 6. exd4 Qb6 7. Nb3 Bf5 8.
a4 a5 9. Bb5 e6 10. O-O Be7 11. Ne5 O-O 12. Bxc6 bxc6 13. g4 Bg6 14. h4 h6 15.
Qe2 Qb7 16. Nxg6 fxg6 17. Qxe6+ Kh7 18. Be5 Rae8 19. g5 Nh5 20. Qg4 c5 21. f4 c4
22. Nc5 Qxb2 23. Ne6 Rf5 24. Qg2 Bb4 25. Rab1 Qa3 26. Nc7 Rexe5 27. fxe5 Qe3+
28. Kh2 Rxf1 29. Rxf1 Qxd4 30. Nxd5 Qxe5+ 31. Kh3 Qe6+ 32. Kh2 Bd6+ 33. Kg1 Qe5
34. Rf7 Bc5+ 35. Kh1 Ng3+ 36. Kh2 Nf5+ 37. Kh3 Qd4 38. Nf6+ Qxf6 39. gxf6 1-0